000 00380nam a2200157Ia 4500
999 _c6193
_d6193
003 OSt
005 20190913143418.0
008 190906s9999||||xx |||||||||||||| ||und||
020 _a978-0716782841
040 _cmaju
100 _aAho,Alfred V.
245 0 _aFoundations of Computer Science
260 _aNew york
_bComputer science press
_c1992
300 _a765
942 _cBK
_2ddc